000 00681nam a2200217 a 4500
005 20140310183350.0
008 070620s19uu xx 00 eng d
020 _a1-84392-124-3
050 _aHV 8073.3
_b.In68 2006
100 _aWilliamson, Tom, edited by
245 _aInvestigative interviewing :
_bright, research, regulation./
260 _aPortland, Oregon, U.S.A :
_bWillan Publishing,
_c2006.
300 _a369 p. :
_c22 cm.
521 _aMC
650 _aPolice questioning
_xCongresses.
650 _aCriminal investigation
_xCongresses.
650 _aCivil rights
_xCongresses.
650 _aInterviewing
_xCongresses.
942 _cBK
_2lcc
_kFOR
999 _c22056
_d22056